| 000 | 00701nam a22001815i 4500 | ||
|---|---|---|---|
| 001 | 164633 | ||
| 003 | ES-MaACL | ||
| 005 | 20230906212955.0 | ||
| 008 | 980524s1860 sp |||| | spa d | ||
| 040 |
_aAR _bspa _cAR |
||
| 100 | 1 |
_aSancho, Nicolás. _9132401 |
|
| 245 | 1 | 0 |
_aDescripción histórica, artística, detallada y circunstanciada de la ciudad de Alcañiz y sus afueras / _cpor Nicolás Sancho ex Prior del Real Monasterio de Rueda. |
| 260 |
_aAlcañiz : _b[s.n.], _c1860 ( _fImp. de Ulpiano Huerta) |
||
| 300 |
_aXIV, 672 p., [1] h. pleg. ; _c23 cm. |
||
| 597 | 1 | _aH. pleg. es un árbol genealógico. | |
| 651 | 4 |
_aAlcañiz- _xHistoria. _9157797 |
|
| 852 |
_aES-MaACL _jG-50 _z-- Enc. hol. |
||
| 999 |
_c164633 _d164633 |
||